[Event "Gazi op 8th"]
[Site "Gazi"]
[Date "2012.08.04"]
[Round "1"]
[White "Petrov, Marian"]
[Black "Doriakis, Adam"]
[Result "1-0"]
[WhiteElo "2514"]
[BlackElo "1591"]
[PlyCount "71"]
[EventDate "2012.08.04"]
[EventType "swiss"]
[EventRounds "9"]
[EventCountry "GRE"]
[SourceTitle "EXT 2024"]
[Source "ChessBase"]
[SourceDate "2023.10.10"]
[SourceVersion "1"]
[SourceVersionDate "2023.10.10"]
[SourceQuality "1"]

1. e4 e5 2. Nf3 Nc6 3. Bb5 a6 4. Ba4 Nf6 5. 0-0 b5 6. Bb3 Be7 7. a4 Bb7 8. d3 0-0 9. Nc3 b4 10. Nd5 Nxd5 11. Bxd5 Na5 12. Bxb7 Nxb7 13. Nxe5 Bf6 14. f4 Qe7 15. Nf3 g6 16. e5 Bg7 17. d4 a5 18. Qd3 d6 19. Re1 f5 20. Qc4+ Kh8 21. Be3 Rfe8 22. Bf2 dxe5 23. dxe5 h6 24. Qc6 Rab8 25. Qxg6 Qe6 26. Qxe6 Rxe6 27. Nd4 Re7 28. Nc6 Rbe8 29. Nxe7 Rxe7 30. Rad1 Kh7 31. c3 bxc3 32. bxc3 Kg6 33. Rb1 c6 34. Rb6 Rc7 35. Ra6 Kf7 36. Ra7 1-0

[Event "Heraklion SOI op 4th"]
[Site "Heraklion"]
[Date "2012.01.07"]
[Round "6"]
[White "Doriakis, Adam"]
[Black "Lyrakis, Stavros"]
[Result "1/2-1/2"]
[WhiteElo "1000"]
[BlackElo "1942"]
[PlyCount "54"]
[EventDate "2012.01.04"]
[EventType "swiss"]
[EventRounds "7"]
[EventCountry "GRE"]
[SourceTitle "EXT 2024"]
[Source "ChessBase"]
[SourceDate "2023.10.10"]
[SourceVersion "1"]
[SourceVersionDate "2023.10.10"]
[SourceQuality "1"]

1. e4 c5 2. g3 Nc6 3. Bg2 d6 4. f4 g6 5. c3 Bg7 6. Nf3 Nf6 7. d3 Bg4 8. Be3 Qd7 9. Nbd2 0-0 10. h3 Bxf3 11. Bxf3 Rab8 12. Qa4 b5 13. Qc2 b4 14. c4 Ne8 15. 0-0-0 Nc7 16. Bg4 e6 17. Qa4 Rb6 18. Kb1 b3 19. e5 Rfb8 20. Bf3 d5 21. Nxb3 Bf8 22. Nxc5 Rxb2+ 23. Ka1 Bxc5 24. Rb1 Rxb1+ 25. Rxb1 Rxb1+ 26. Kxb1 Bxe3 27. cxd5 Nxd5 1/2-1/2

[Event "Heraklion SOI op 4th"]
[Site "Heraklion"]
[Date "2012.01.03"]
[Round "1"]
[White "Anagnostakis, Charalampos"]
[Black "Doriakis, Adam"]
[Result "1/2-1/2"]
[WhiteElo "1529"]
[BlackElo "1000"]
[PlyCount "119"]
[EventDate "2012.01.04"]
[EventType "swiss"]
[EventRounds "7"]
[EventCountry "GRE"]
[SourceTitle "EXT 2024"]
[Source "ChessBase"]
[SourceDate "2023.10.10"]
[SourceVersion "1"]
[SourceVersionDate "2023.10.10"]
[SourceQuality "1"]

1. c4 c5 2. Nc3 Nf6 3. Nf3 Nc6 4. g3 e6 5. Bg2 d5 6. cxd5 exd5 7. d4 Be6 8. Bg5 c4 9. 0-0 Be7 10. Ne5 h6 11. Bxf6 Bxf6 12. Nxc6 bxc6 13. Qd2 0-0 14. Rfd1 Rb8 15. Qc2 Bg4 16. h3 Bh5 17. b3 cxb3 18. axb3 Qb6 19. Na4 Qxb3 20. Qxc6 Bxe2 21. Bxd5 Qb5 22. Qxb5 Rxb5 23. Bc6 Rb4 24. Rd2 Bxd4 25. Rc1 Bh5 26. Rdc2 f6 27. Rc4 Rfb8 28. Bd5+ Kh7 29. Rxb4 Rxb4 30. Rc4 Rxc4 31. Bxc4 Be8 32. Bb3 g5 33. Kf1 Kg7 34. Ke2 Bb5+ 35. Ke1 Kf8 36. f4 Ke7 37. fxg5 hxg5 38. h4 gxh4 39. gxh4 f5 40. Kd2 f4 41. Bd1 Kf6 42. Nc3 Be3+ 43. Ke1 Bc6 44. Ke2 Kg6 45. Kf1 f3 46. Bc2+ Kh5 47. Be4 Bxe4 48. Nxe4 a5 49. Nc3 Kxh4 50. Ke1 Kg3 51. Kf1 f2 52. Ne4+ Kf4 53. Nc3 Ke5 54. Ke2 Kd4 55. Nd1 a4 56. Nxe3 Kc3 57. Nd5+ Kb3 58. Nf4 a3 59. Nd3 Kc3 60. Nc1 1/2-1/2